| 000 | 00558nam a2200181 i 4500 | ||
|---|---|---|---|
| 001 | 41279 | ||
| 003 | ES-MaACL | ||
| 005 | 20230906160414.0 | ||
| 007 | t| | ||
| 008 | 030310s1857 po ||||1| por d | ||
| 080 | _a611.71 | ||
| 100 | 1 |
_aCarvalho, Thomaz de. _935965 |
|
| 245 | 1 | 0 |
_aMemoria sobre algunas particularidades dos ossos do carpo e de metacarpo / _cThomaz de Carvalho. |
| 260 |
_aLisboa : _b[s.n., _c1857] ( _fTyp. da Academia) |
||
| 650 | 4 |
_aHuesos. _9136245 |
|
| 710 | 2 |
_aAcademia das Ciências de Lisboa. _91159 |
|
| 852 | 4 |
_aES-MaACL _jT-126-F-5 |
|
| 999 |
_c41279 _d41279 |
||